The naturals : (Record no. 9633)

MARC details
000 -LEADER
fixed length control field 01783nam a22002657a 4500
001 - CONTROL NUMBER
control field 9633
003 - CONTROL NUMBER IDENTIFIER
control field FISKH
005 - DATE AND TIME OF LATEST TRANSACTION
control field 20260127093242.0
008 - FIXED-LENGTH DATA ELEMENTS--GENERAL INFORMATION
fixed length control field 260127b cb ||||| |||| 00| 0 eng d
020 ## - INTERNATIONAL STANDARD BOOK NUMBER
International Standard Book Number 9781786542212
040 ## - CATALOGING SOURCE
Original cataloging agency FISKH
Language of cataloging eng
Transcribing agency FISKH
Modifying agency FISKH
050 ## - LIBRARY OF CONGRESS CALL NUMBER
Classification number PZ7 .B26225 .N
082 ## - DEWEY DECIMAL CLASSIFICATION NUMBER
Classification number 813.6
100 ## - MAIN ENTRY--PERSONAL NAME
Personal name Barnes, Jennifer Lynn
245 ## - TITLE STATEMENT
Title The naturals :
Remainder of title To catch a serial killer, you have to think like one /
Statement of responsibility, etc. Jennifer Lynn Barnes
250 ## - EDITION STATEMENT
Edition statement This edition published in 2023
260 ## - PUBLICATION, DISTRIBUTION, ETC.
Place of publication, distribution, etc. London :
Name of publisher, distributor, etc. Quercus,
Date of publication, distribution, etc. 2013
300 ## - PHYSICAL DESCRIPTION
Extent 308 pages :
Dimensions 20 cm
490 ## - SERIES STATEMENT
Series statement The natural :
Volume/sequential designation Book one
520 ## - SUMMARY, ETC.
Summary, etc. eventeen-year-old Cassie is a natural at reading people. Piecing together the tiniest details, she can tell you who you are and what you want. But, it's not a skill that she's ever taken seriously. That is, until the FBI come knocking: they've begun a classified program that uses exceptional teenagers to crack infamous cold cases, and they need Cassie.<br/>What Cassie doesn't realize is that there's more at risk than a few unsolved homicides-especially when she's sent to live with a group of teens whose gifts are as unusual as her own. Soon, it becomes clear that no one in the Naturals program is what they seem. And when a new killer strikes, danger looms close. Caught in a lethal game of cat and mouse with a killer, the Naturals are going to have to use all of their gifts just to survive.<br/>Think The Mentalist meets Pretty Little Liars — Jennifer Lynn Barnes's The Naturals is a gripping psychological thriller with killer appeal, a to-die-for romance and the bones of a gritty and compelling new series.
650 ## - SUBJECT ADDED ENTRY--TOPICAL TERM
Topical term or geographic name entry element FBI
Form subdivision Fiction
General subdivision Young Adult
650 ## - SUBJECT ADDED ENTRY--TOPICAL TERM
Topical term or geographic name entry element Serial Killers
Form subdivision Mystery
General subdivision Murder
942 ## - ADDED ENTRY ELEMENTS (KOHA)
Source of classification or shelving scheme Dewey Decimal Classification
Koha item type Books
Suppress in OPAC No
Holdings
Withdrawn status Lost status Source of classification or shelving scheme Damaged status Not for loan Collection Home library Current library Shelving location Date acquired Total Checkouts Full call number Barcode Date last seen Date last checked out Copy number Price effective from Koha item type
    Dewey Decimal Classification     Fiction Footprints International School Library Network Toul Kork Campus Footprints International School Library Network Toul Kork Campus A TK Campus, 4th Floor, Room B401, Fiction Bookcases (1-6) 01/27/2026 1 BAR 813.6 PZ7 .B26225 .N 2026-0149 02/11/2026 02/10/2026 1 01/27/2026 Books